000 00890nam a2200241Ia 4500
003 OSt
005 20220923225835.0
006 a|||||r|||| 00| 0
007 ta
008 220922b |||||||| |||| 00| 0 snd d
024 _a275,218
037 _cTextual
040 _aARTS
_cARTS
_bsnd
041 _2snd
_asnd
082 _aO152:g(P:75), 1593L3
100 _aभावनाणी, झमटमल खूबचंद
_9157573
245 0 _aपंज गंज
_b भारती साहित्य सि़द्धान्त
246 _aPanja ganja: bhāratī sāhitya si़ddhānta
260 _aबुम्बई
_b बगोमल तुलसीदास चैरिटीज
_c1973
300 _a176पृ0
_ccm.
942 _hO152:g(P:75), 1593L3
_cTEXL
_2CC
999 _c380765
_d380765